Statistics for Jazz Song to Composer #1

Click here to take the quiz!

General Stats

  • This quiz has been taken 9 times
  • The average score is 6 of 20

Answer Stats

Song TitleComposer% Correct
My Little Suede ShoesCharlie Parker
88%
Witch HuntWayne Shorter
75%
Dolphin DanceHerbie Hancock
63%
Night and DayCole Porter
50%
OleJohn Coltrane
50%
Time RememberedBill Evans
38%
Off MinorThelonius Monk
38%
BluesetteToots Thielmans
38%
CherokeeRay Noble
25%
Gloria's StepScott LaFaro
25%
UsThad Jones
25%
Delfeayo's DilemmaWynton Marsalis
25%
EcclusiasticsCharles Mingus
13%
Blues in MotianCharlie Haden
13%
Night BirdEnrico Pieranunzi
13%
Sura HindaJ.D. Allen
13%
Woodside WaltzJulian Lage
13%
PanamericanaLalo Schifrin
13%
Hang GlidingMaria Schneider
13%
Time StreamSammy Nestico
13%

Score Distribution

Percentile by Number Answered

Percent of People with Each Score

Your Score History

You have not taken this quiz